| 000 | 00404nam a22001697a 4500 | ||
|---|---|---|---|
| 003 | SGT | ||
| 020 | _a9789389188974 | ||
| 082 |
_a618.92 _bI25K |
||
| 100 | _aKESAVAN ,TM, ANANDA | ||
| 245 | _aIAP TEXT BOOK OF PEDIATRIC RADIOLOGY | ||
| 250 | _a2ND | ||
| 260 |
_aNEW DELHI _bJAYPEE. BRO. PUB. _c2025 |
||
| 300 | _a217 | ||
| 650 | _aPEDIATRICS | ||
| 653 | _aIAP , PEDIATRIC, RADIOLOGY | ||
| 942 |
_2ddc _cBK |
||
| 999 |
_c34732 _d34732 |
||